000 002580000a22000970004500
100 1 _aTurner, Sharleen
245 1 0 _aLong road for street kids
300 _aVol. 73, Num 4 (Octubre-Diciembre), Páginas 10-11
773 0 _tLatin America Evangelist
942 _cANA
999 _c54764
_d54764